000 00380nam a2200109 4500
999 _c10206
_d10206
008 180806b ||||| |||| 00| 0 eng d
245 _aIt's a pretty good resto, just stay away from the pizza.
_cIt's a pretty good resto, just stay away from the pizza.
260 _aPhilippines
_bPhilippine Daily Inquirer
_cc2016
300 _apage C4.
650 0 _930108
_aFood.
942 _2ddc
_cPER